000 00529nam a2200193Ia 4500
005 20250508153448.0
008 008 250505s9999 xx 000 0 eng d
037 _aTextual
040 _aFEDL
_beng
_cFEDL
041 _aeng
_2eng
084 _a155.5, WAT
_qFEDL
100 _aWattenberg William W.
245 0 _aAdolescent years
260 _aNew York, USA
_bHarcourt, Brace and World
_c1955
300 _axiii,510p.
650 _aChild Psychology
942 _cTEXL
_h155.5, WAT
999 _c1343040
_d1343040